Normal view
MARC view
- الاسلام-حياة فكرية-فلسفة اسلامية
Entry Topical Term
001 - CONTROL NUMBER
- control field: 13099
003 - CONTROL NUMBER IDENTIFIER
- control field: JO-AjAnu
005 - DATE AND TIME OF LATEST TRANSACTION
- control field: 20230606072409.0
008 - FIXED-LENGTH DATA ELEMENTS
- fixed length control field: 230606|| aca||aabn | a|a d
040 ## - CATALOGING SOURCE
- Original cataloging agency: JO-AjAnu
- Transcribing agency: JO-AjAnu
150 ## - HEADING--TOPICAL TERM
- Topical term or geographic name entry element: الاسلام-حياة فكرية-فلسفة اسلامية
670 ## - SOURCE DATA FOUND
- Source citation: Work cat.: (JO-AjAnu)6739: Sharif,M.M ،شلبي،أحمد/ترجمة وتقديم وتعليق , author 13098, الفكر الإسلامي منابعه وآثاره 2= Muslim Thought its Origtn and Achievements